| 000 | 00768nam a2200217Ia 4500 | ||
|---|---|---|---|
| 003 | BUBTL | ||
| 008 | 151213s9999 xx 000 0 und d | ||
| 020 | _a9844380456 | ||
| 082 | _a347.06/ R1293i/ 2002 | ||
| 100 |
_aরহমান, গাজী শামছুর _95292 |
||
| 245 |
_aসাক্ষ্য আইনের ভাষ্য : _cগাজী শামছুর রহমান |
||
| 250 | _a৫ম সং | ||
| 260 |
_aঢাকা _bখোশরোজ কিতাব মহল। _cc2002 |
||
| 300 |
_a[40], 474p. : _b24 cm. |
||
| 650 | _aLaw | ||
| 650 | _a | ||
| 700 |
_aগাজী শামছুর রহমান _94214 |
||
| 856 |
_k0 _l0 _yDownload |
||
| 942 |
_2ddc _cBK |
||
| 999 |
_c4041 _d4041 |
||